00908nam a2200253Ia 4500003000400000005001700004008004100021020001500062040001800077041000800095082002200103100003300125245009700158250001100255260004300266300002900309650003100338650003100369650004400400700002800444942003500472999001900507952012800526OSt20241120104607.0210716s2001 xx 000 0 und d a8176563048 cAIMIT LIBRARY aeng a005.136 21bSHEP aSheridan, Patrick W.9185821 aIterative uml development using visual basic 6.0 /cBy Patrick W Sheridan and Jean M Sekula. a1st ed aNew Delhi :bBPB Publications ;c2001. axvii,279p. ;bPBc24 cm. aIntegrate solution9185822 aImplement solution9185823 aConfirm solution implementation9185824 aSekula, Jean M.9185825 2ddccBKe1st ed.k005.136 SHEP c185726d185726 00102ddc40708MCAaAIMITbAIMITeDonatedg165.00l0o005.136 SHEPpMCA05234r2026-05-23 00:00:00v165.00w2021-07-16yBK